| 000 | 00463nam a22001457a 4500 | ||
|---|---|---|---|
| 020 | _a9781032242859 | ||
| 040 | _cNUST | ||
| 082 | _a006.37 DEE | ||
| 100 |
_aHassaballah, Mahmoud _997905 |
||
| 110 |
_aAwad, Ali Ismail _997906 |
||
| 245 |
_aDeep Learning in Computer Vision: _bPrinciples and Applications |
||
| 260 |
_aBoca Raton: _bCRC Press, _c2020. |
||
| 650 |
_aComputer vision. Machine learning. Vision par ordinateur.NUSTTB2022 _9102833 |
||
| 942 |
_2ddc _cBK |
||
| 999 |
_c591202 _d591202 |
||